El factor humano en la organización del trabajo / (Record no. 96696)

MARC details
000 -LEADER
campo de control de longitud fija 00408nam a2200145 i 4500
001 - NÚMERO DE CONTROL
campo de control 96696
003 - IDENTIFICADOR DE NÚMERO DE CONTROL
campo de control ES-MaACL
005 - FECHA Y HORA DE LA ÚLTIMA TRANSACCIÓN
campo de control 20230906181948.0
007 - CAMPO FIJO DE DESCRIPCIÓN FÍSICA--INFORMACIÓN GENERAL
campo de control de longitud fija t|
008 - DATOS DE LONGITUD FIJA--INFORMACIÓN GENERAL
campo de control de longitud fija 050630s1922 po ||||1| spa d
100 1# - ENTRADA PRINCIPAL--NOMBRE DE PERSONA
Nombre de persona Mallart y Cutó, José.
9 (RLIN) 75793
245 13 - MENCIÓN DEL TÍTULO
Título El factor humano en la organización del trabajo /
Mención de responsabilidad, etc. José Mallart y Cutó.
260 ## - PUBLICACIÓN, DISTRIBUCIÓN, ETC.
Lugar de publicación, distribución, etc. Porto :
Nombre del editor, distribuidor, etc. [s.n.],
Fecha de publicación, distribución, etc. 1922.
852 ## - LOCALIZACIÓN
Ubicación ES-MaACL
Número de control de estantería 1634-F-13
Holdings
Estatus retirado Estado de pérdida Estado de daño No para préstamo Colección Biblioteca de origen Biblioteca actual Ubicación en estantería Fecha de adquisición Fuente de adquisición Total de préstamos Signatura topográfica completa Código de barras Visto por última vez Precio de reemplazo Tipo de ítem Koha
        Colección de folletos Biblioteca del Ateneo de Madrid Biblioteca del Ateneo de Madrid Depósito folletos 17/01/2008     1634-F-13 1100949 23/02/2023 23/02/2023 Folleto